000 01094nam a2200337 c 4500
001 52137
003 ES-MaCES
005 20250203133825.0
008 220303s2020 sp 000 | spa d
017 _aM 16751-2020
_bDL
020 _a9788417701390
040 _aES-MaCES
_bspa
_cES-MaCES
245 0 3 _aLa negociación colectiva en la industria del metal en 2019
_c[autor] Confemetal
260 _aMadrid
_bFundación Confemetal
_c[2020]
300 _a711 p.
_c23 cm
541 _cGratuito
650 4 _anegociación colectiva
_928362
650 4 _arelaciones laborales
_928369
650 4 _aindustria metalúrgica
_930931
650 4 _aconvenio colectivo
_928361
650 4 _acondiciones de trabajo
_928327
650 4 _acondiciones de empleo
_930040
650 4 _aEspaña
_926964
650 4 _a2019
_939571
653 1 0 _aRelaciones laborales-Empleo
710 2 _aConfemetal
_92304
710 2 _aFundación Confemetal
_93781
_eed.
787 0 _tLa negociación colectiva en la industria del metal en 2018
_w(ES-MaCES)51359
902 _aLIB Libro
942 _2CES
_cBK
_h2.0.
999 _c52137
_d52137